[Event "RD-2011-0-00065"]
[Site "LSS email"]
[Date "2012.02.24"]
[Round "?"]
[White "Zanatta, Federico"]
[Black "Hall, Dick"]
[Result "0-1"]
[WhiteElo "1473"]
[BlackElo "1562"]
[PlyCount "114"]
[EventDate "2011.12.30"]
[EventType "tourn (corr)"]
[EventRounds "6"]
[EventCountry "GER"]
[SourceTitle "Telechess CBM 153"]
[Source "ChessBase"]
[SourceDate "2013.03.14"]
[SourceVersion "1"]
[SourceVersionDate "2013.03.14"]
[SourceQuality "1"]

1. e4 d6 2. d4 Nf6 3. Nc3 g6 4. f4 Bg7 5. Nf3 0-0 6. Bd3 Nc6 7. e5 dxe5 8. fxe5 Nd7 9. Ne4 Nb4 10. Bc4 c5 11. c3 Nc6 12. 0-0 cxd4 13. cxd4 Nb6 14. Bb3 Bg4 15. Be3 Nd5 16. Bxd5 Qxd5 17. Nc3 Qc4 18. Qe2 Qxe2 19. Nxe2 Rac8 20. h3 Be6 21. a3 Bc4 22. Rfe1 Bd5 23. Rf1 f6 24. Nc3 Bxf3 25. Rxf3 fxe5 26. Rxf8+ Kxf8 27. Rf1+ Ke8 28. dxe5 Bxe5 29. Rc1 b6 30. Kf1 e6 31. Nd1 Kd7 32. b4 Nd4 33. Rxc8 Kxc8 34. Bxd4 Bxd4 35. Ke2 Kd7 36. Kd3 e5 37. Kc4 Ke6 38. Kb5 Kd5 39. Ka6 Kc4 40. Kxa7 b5+ 41. Ka6 e4 42. Ka5 e3 43. Nxe3+ Bxe3 44. a4 Bb6+ 45. Kxb6 bxa4 46. b5 a3 47. Kc6 a2 48. b6 a1Q 49. b7 Qe5 50. g4 g5 51. Kd7 Kd5 52. h4 Qd6+ 53. Kc8 Qc6+ 54. Kb8 Kc5 55. Ka7 Qa4+ 56. Kb8 Kb6 57. hxg5 Qe8# 0-1

[Event "OP-2012-0-02075"]
[Site "LSS email"]
[Date "2012.02.22"]
[Round "?"]
[White "Zanatta, Federico"]
[Black "Szodi, Szabolcs"]
[Result "0-1"]
[WhiteElo "1473"]
[BlackElo "2099"]
[PlyCount "84"]
[EventDate "2012.02.18"]
[EventType "tourn (corr)"]
[EventRounds "4"]
[EventCountry "GER"]
[SourceTitle "Telechess CBM 155"]
[Source "ChessBase"]
[SourceDate "2013.07.16"]
[SourceVersion "1"]
[SourceVersionDate "2013.07.16"]
[SourceQuality "1"]

1. d4 d5 2. c4 e6 3. Nf3 Nf6 4. Bg5 dxc4 5. e4 Be7 6. Nc3 0-0 7. Bxc4 b6 8. 0-0 Bb7 9. Re1 h6 10. Bh4 Nc6 11. a3 Na5 12. Bd3 c5 13. dxc5 bxc5 14. Rc1 g5 15. Bg3 Nh5 16. Na4 Nxg3 17. hxg3 c4 18. Bxc4 Qxd1 19. Rexd1 Bc6 20. b3 Bxa3 21. Rc3 Bb4 22. Rcc1 Bxe4 23. Ne5 Rfd8 24. Ng4 Kg7 25. Ne5 Bd2 26. Ra1 Bc2 27. Rf1 Rac8 28. Nf3 Bxb3 29. Nxd2 Rxd2 30. Bxb3 Nxb3 31. Rab1 Rc4 32. Rxb3 Rxa4 33. Rbb1 a5 34. Ra1 Raa2 35. Rxa2 Rxa2 36. Rc1 a4 37. Rb1 a3 38. Kh2 Rxf2 39. Ra1 a2 40. Kg1 Rb2 41. Kh2 f5 42. g4 f4 0-1

[Event "OP-2010-0-01100"]
[Site "LSS email"]
[Date "2010.03.10"]
[Round "?"]
[White "Zanatta, Federico"]
[Black "Tanti, Joseph G"]
[Result "1/2-1/2"]
[WhiteElo "1512"]
[BlackElo "1732"]
[PlyCount "118"]
[EventDate "2010.02.27"]
[EventType "tourn (corr)"]
[EventRounds "4"]
[EventCountry "GER"]
[SourceTitle "Telechess CBM 141"]
[Source "ChessBase"]
[SourceDate "2011.03.17"]
[SourceVersion "1"]
[SourceVersionDate "2011.03.17"]
[SourceQuality "1"]

1. d4 d5 2. c4 c6 3. Nf3 Nf6 4. Nc3 e6 5. Bg5 dxc4 6. e4 b5 7. e5 h6 8. Bh4 g5 9. Nxg5 Nd5 10. Nxf7 Qxh4 11. Nxh8 Bb4 12. Rc1 c5 13. dxc5 Nd7 14. Be2 Nxe5 15. 0-0 Bb7 16. Nxb5 0-0-0 17. c6 Nf4 18. Qc2 Rd2 19. Qh7 Nxe2+ 20. Kh1 Qe7 21. cxb7+ Kb8 22. Qe4 Nd3 23. Qc6 Qxb7 24. Qe8+ Qc8 25. Qxc8+ Kxc8 26. Rxc4+ Kb7 27. g3 Rxb2 28. Kg2 Bc5 29. a4 a6 30. Nc3 Rc2 31. Rxc5 Nxc5 32. Nxe2 Rxe2 33. Nf7 h5 34. Rd1 Ra2 35. Rd4 Kb6 36. Ng5 e5 37. Rd6+ Ka5 38. Rd5 Kb4 39. h4 Rc2 40. Rxe5 Rxf2+ 41. Kxf2 Nd3+ 42. Ke3 Nxe5 43. Kf4 Nd7 44. g4 Nf6 45. gxh5 Nxh5+ 46. Kg4 Ng7 47. Nf3 Kxa4 48. Nd4 a5 49. Kg5 Kb4 50. Kg6 a4 51. Kxg7 Kc4 52. h5 a3 53. Nc2 a2 54. h6 Kc3 55. Na1 Kb2 56. h7 Kxa1 57. h8Q Kb2 58. Qb8+ Ka1 59. Qe5+ Kb1 1/2-1/2

[Event "OP-2010-0-01100"]
[Site "LSS email"]
[Date "2010.03.03"]
[Round "?"]
[White "Brus, Hartmut"]
[Black "Zanatta, Federico"]
[Result "1-0"]
[WhiteElo "1343"]
[BlackElo "1506"]
[PlyCount "151"]
[EventDate "2010.02.27"]
[EventType "tourn (corr)"]
[EventRounds "4"]
[EventCountry "GER"]
[SourceTitle "Telechess CBM 141"]
[Source "ChessBase"]
[SourceDate "2011.03.17"]
[SourceVersion "1"]
[SourceVersionDate "2011.03.17"]
[SourceQuality "1"]

1. e4 c5 2. Nf3 d6 3. d4 cxd4 4. Nxd4 Nf6 5. Nc3 a6 6. Be2 e5 7. Nb3 Be7 8. 0-0 0-0 9. Be3 Be6 10. Nd5 Nxd5 11. exd5 Bf5 12. c4 Nd7 13. Qd2 Nf6 14. f3 Qc7 15. f4 e4 16. h3 Rae8 17. g4 Bc8 18. g5 Nd7 19. Nd4 Bd8 20. Qc3 Nc5 21. f5 Na4 22. Qc2 Nb6 23. a4 Nd7 24. a5 Ne5 25. Ra3 g6 26. Kh2 Kh8 27. b4 gxf5 28. Nxf5 f6 29. Bb6 Qd7 30. Bh5 Nf3+ 31. Rfxf3 exf3 32. Bxe8 Qxe8 33. Rxf3 Bxb6 34. axb6 Qe5+ 35. Ng3 Qxg5 36. Qe4 f5 37. Qd4+ Qg7 38. Qd2 Qf6 39. Nh5 Qe5+ 40. Nf4 Bd7 41. c5 Re8 42. cxd6 Qxd6 43. Qc3+ Qe5 44. Qxe5+ Rxe5 45. Rc3 Re4 46. Nh5 f4 47. Rc7 Re2+ 48. Kg1 Bxh3 49. Nxf4 Re1+ 50. Kf2 Rf1+ 51. Kg3 Bf5 52. Rxb7 Rg1+ 53. Kh2 Rb1 54. Ra7 Rb2+ 55. Kg3 Rb3+ 56. Kh4 Rxb4 57. Kg5 Bc8 58. Ra8 Rxb6 59. Ne6 Kg8 60. Kf6 h5 61. Kg5 Kf7 62. Rxc8 Ke7 63. Kxh5 Kd7 64. Rh8 Kd6 65. Nf4 a5 66. Kg5 Ke5 67. Re8+ Kd4 68. Kf5 Rh6 69. Ra8 Rd6 70. Rxa5 Rb6 71. Ne6+ Ke3 72. Ke5 Rb7 73. d6 Rh7 74. Ra3+ Kd2 75. Nc5 Rh5+ 76. Kd4 1-0

[Event "OP-2010-0-01100"]
[Site "LSS email"]
[Date "2010.03.03"]
[Round "?"]
[White "Zanatta, Federico"]
[Black "Shelykalin, Vjacheslav"]
[Result "0-1"]
[WhiteElo "1522"]
[BlackElo "1469"]
[PlyCount "102"]
[EventDate "2010.02.27"]
[EventType "tourn (corr)"]
[EventRounds "4"]
[EventCountry "GER"]
[SourceTitle "Telechess CBM 141"]
[Source "ChessBase"]
[SourceDate "2011.03.17"]
[SourceVersion "1"]
[SourceVersionDate "2011.03.17"]
[SourceQuality "1"]

1. d4 Nf6 2. c4 e6 3. Nc3 Bb4 4. Bg5 h6 5. Bh4 c5 6. Nf3 Qa5 7. Qc2 Ne4 8. Rc1 d5 9. cxd5 exd5 10. Nd2 Nxd2 11. Qxd2 Nc6 12. a3 Bxc3 13. Qxc3 Qxc3+ 14. bxc3 cxd4 15. cxd4 Nxd4 16. f3 0-0 17. Bf2 Nc6 18. e3 Be6 19. Bd3 Rac8 20. 0-0 Ne5 21. Be2 Nc4 22. Rfd1 b5 23. e4 dxe4 24. Bxa7 exf3 25. Bxf3 Rfe8 26. Ra1 Ne5 27. Bd5 Rc7 28. Bf2 Bxd5 29. Rxd5 Ng4 30. h3 Nxf2 31. Kxf2 Rc2+ 32. Kf3 Rc3+ 33. Kf2 Rb3 34. a4 Rb2+ 35. Kf3 bxa4 36. Rxa4 Re1 37. Rd8+ Kh7 38. Rd7 Rf1+ 39. Kg3 Rff2 40. Kh4 Rb3 41. Rg4 g6 42. Re4 Kg7 43. Red4 Re3 44. Ra7 h5 45. Rd6 Rf4+ 46. g4 Rff3 47. Ra5 Rxh3+ 48. Kg5 Re4 49. Rxg6+ fxg6 50. Ra7+ Kf8 51. gxh5 gxh5 0-1

[Event "LSS No Engine Cup 17 Preliminary 7"]
[Site "LSS email"]
[Date "2010.02.21"]
[Round "?"]
[White "Zanatta, Federico"]
[Black "Molina, Vicente Andres"]
[Result "1-0"]
[WhiteElo "1590"]
[BlackElo "791"]
[PlyCount "51"]
[EventDate "2010.02.22"]
[EventType "tourn (corr)"]
[EventRounds "6"]
[EventCountry "GER"]
[SourceTitle "Telechess CBM 141"]
[Source "ChessBase"]
[SourceDate "2011.03.17"]
[SourceVersion "1"]
[SourceVersionDate "2011.03.17"]
[SourceQuality "1"]

1. e4 c5 2. Nf3 d6 3. d4 cxd4 4. Nxd4 Nf6 5. Nc3 a6 6. Bg5 e6 7. f4 Be7 8. Qf3 0-0 9. 0-0-0 Qc7 10. Bd3 Nc6 11. Nb3 b5 12. h3 Bb7 13. Rhg1 Rfc8 14. Kb1 Nb4 15. Qe2 Nxd3 16. cxd3 b4 17. Na4 Bc6 18. Rc1 Qa5 19. e5 Nd5 20. Nxa5 Bxa4 21. Bxe7 Nxe7 22. exd6 Nc6 23. Nxc6 Rxc6 24. Qe4 Rxc1+ 25. Rxc1 Rd8 26. Qxb4 1-0

[Event "OP-2010-0-01058"]
[Site "LSS email"]
[Date "2010.01.22"]
[Round "?"]
[White "Verich, Oleg"]
[Black "Zanatta, Federico"]
[Result "0-1"]
[WhiteElo "800"]
[BlackElo "1607"]
[PlyCount "76"]
[EventDate "2010.01.19"]
[EventType "tourn (corr)"]
[EventRounds "4"]
[EventCountry "GER"]
[SourceTitle "Corr 2013"]
[Source "ChessBase"]
[SourceDate "2012.11.12"]
[SourceVersion "1"]
[SourceVersionDate "2012.11.12"]
[SourceQuality "1"]

1. d4 Nf6 2. c4 g6 3. Nc3 Bg7 4. Nf3 c5 5. d5 d6 6. e4 0-0 7. Be2 e6 8. 0-0 Re8 9. Nd2 Na6 10. a3 Nc7 11. Qc2 exd5 12. exd5 Nfxd5 13. cxd5 Bxc3 14. bxc3 Rxe2 15. Qd3 Qe7 16. c4 Bf5 17. Qb3 b6 18. Nf3 Qf6 19. Ra2 Rae8 20. Bg5 Qg7 21. Be3 Rxa2 22. Qxa2 Qf8 23. a4 Na6 24. a5 Nb4 25. Qb2 Qe7 26. axb6 axb6 27. Bh6 f6 28. Nh4 Bd3 29. g3 Bxf1 30. Kxf1 Qe1+ 31. Kg2 Qe5 32. Qb3 Qe4+ 33. Nf3 g5 34. h3 Qg6 35. Qa4 Rd8 36. Bxg5 fxg5 37. Qa7 Re8 38. Qxb6 Nd3 0-1

[Event "LSS OP-2009-0-00932"]
[Site "LSS email"]
[Date "2009.09.03"]
[Round "?"]
[White "Zanatta, Federico"]
[Black "Rensen, Martin"]
[Result "1/2-1/2"]
[WhiteElo "1551"]
[BlackElo "2308"]
[PlyCount "52"]
[EventDate "2009.08.29"]
[EventType "tourn (corr)"]
[EventRounds "4"]
[EventCountry "GER"]
[SourceTitle "Telechess CBM 137"]
[Source "ChessBase"]
[SourceDate "2010.07.15"]
[SourceVersion "1"]
[SourceVersionDate "2010.07.15"]
[SourceQuality "1"]

1. d4 d5 2. c4 Nc6 3. Nf3 Bg4 4. Nc3 e6 5. cxd5 exd5 6. Bf4 Bxf3 7. gxf3 Bd6 8. Bg3 Nge7 9. e3 Qd7 10. Qb3 0-0-0 11. 0-0-0 Kb8 12. e4 Na5 13. Qc2 h5 14. e5 Bb4 15. Nb5 Nc4 16. Bxc4 dxc4 17. Qxc4 Nd5 18. h4 Rc8 19. Kb1 Rh6 20. Ka1 Rb6 21. Nd6 cxd6 22. Qxd5 Ba3 23. Rb1 Qc7 24. Qe4 Bxb2+ 25. Rxb2 Rxb2 26. exd6 Rxa2+ 1/2-1/2

[Event "LSS ZL-2009-0-00547"]
[Site "LSS email"]
[Date "2009.07.01"]
[Round "?"]
[White "Drobotov, Gennady Sergeevich"]
[Black "Zanatta, Federico"]
[Result "0-1"]
[WhiteElo "1377"]
[BlackElo "1447"]
[PlyCount "50"]
[EventDate "2009.06.21"]
[EventType "match (corr)"]
[EventRounds "2"]
[EventCountry "GER"]
[SourceTitle "Corr 2011"]
[Source "ChessBase"]
[SourceDate "2010.08.31"]
[SourceVersion "1"]
[SourceVersionDate "2010.08.31"]
[SourceQuality "1"]

1. d4 d5 2. c4 dxc4 3. Qa4+ Nc6 4. Qxc4 Be6 5. Qb5 Qxd4 6. Qxb7 Qb4+ 7. Qxb4 Nxb4 8. Na3 Bxa2 9. Bd2 e6 10. e4 Rc8 11. Nf3 Nf6 12. e5 Nd7 13. Be2 Bd5 14. 0-0 Bxf3 15. Bxf3 Nxe5 16. Be4 f5 17. Bc2 Bd6 18. Bb3 Nd5 19. Nc4 Nxc4 20. Bxc4 Kf7 21. Rxa7 Ra8 22. Rfa1 Rxa7 23. Rxa7 Rb8 24. b3 Bc5 25. Ra6 Nb6 0-1

[Event "LSS ZL-2009-0-00547"]
[Site "LSS email"]
[Date "2009.07.01"]
[Round "?"]
[White "Zanatta, Federico"]
[Black "Drobotov, Gennady Sergeevich"]
[Result "1-0"]
[WhiteElo "1447"]
[BlackElo "1377"]
[PlyCount "47"]
[EventDate "2009.06.21"]
[EventType "match (corr)"]
[EventRounds "2"]
[EventCountry "GER"]
[SourceTitle "Corr 2011"]
[Source "ChessBase"]
[SourceDate "2010.08.31"]
[SourceVersion "1"]
[SourceVersionDate "2010.08.31"]
[SourceQuality "1"]

1. d4 Nf6 2. Nf3 d6 3. Nc3 Bg4 4. e4 Nbd7 5. Be2 e5 6. Bg5 Be7 7. dxe5 dxe5 8. h3 Bh5 9. Qd2 0-0 10. 0-0-0 Bg6 11. Bxf6 Nxf6 12. Qe3 Qc8 13. Nxe5 Qe6 14. Nxg6 hxg6 15. e5 Nd7 16. f4 Nb6 17. Bf3 c6 18. Kb1 Rad8 19. Be2 Rxd1+ 20. Rxd1 Rd8 21. Rxd8+ Bxd8 22. Bg4 Nd5 23. Qxa7 Nxc3+ 24. bxc3 1-0

[Event "ZL-2009-0-00530"]
[Site "LSS email"]
[Date "2009.05.27"]
[Round "?"]
[White "Zanatta, Federico"]
[Black "Hsu, Mooen"]
[Result "1-0"]
[WhiteElo "1295"]
[BlackElo "1206"]
[PlyCount "53"]
[EventDate "2009.05.22"]
[EventType "match (corr)"]
[EventRounds "2"]
[EventCountry "GER"]
[SourceTitle "Corr 2022"]
[Source "ChessBase"]
[SourceDate "2021.10.24"]
[SourceVersion "1"]
[SourceVersionDate "2021.10.24"]
[SourceQuality "1"]

1. e4 e6 2. d4 d5 3. e5 c5 4. Nf3 Nc6 5. Bb5 Qb6 6. Bxc6+ bxc6 7. 0-0 cxd4 8. Nxd4 c5 9. Nf3 Ne7 10. c3 g6 11. Nbd2 Bg7 12. Nb3 0-0 13. Be3 Rd8 14. Bxc5 Qc7 15. Re1 a5 16. a4 Ba6 17. Bd4 Rab8 18. Nc5 Bb7 19. b4 axb4 20. cxb4 Ba8 21. Na6 Qb7 22. Nxb8 Rxb8 23. b5 Nf5 24. Bc5 Rc8 25. Rc1 Qd7 26. Nd4 Nxd4 27. Qxd4 1-0

[Event "LSS BI-2009-P-00021"]
[Site "LSS email"]
[Date "2009.04.19"]
[Round "?"]
[White "Van Witteveen, Roland"]
[Black "Zanatta, Federico"]
[Result "0-1"]
[WhiteElo "1520"]
[BlackElo "1447"]
[PlyCount "54"]
[EventDate "2009.04.20"]
[EventType "tourn (corr)"]
[EventRounds "10"]
[EventCountry "GER"]
[SourceTitle "Corr 2011"]
[Source "ChessBase"]
[SourceDate "2010.08.31"]
[SourceVersion "1"]
[SourceVersionDate "2010.08.31"]
[SourceQuality "1"]

1. e4 e5 2. Nf3 Nf6 3. Nxe5 d6 4. Nf3 Nxe4 5. d4 d5 6. Bd3 Nc6 7. 0-0 Be7 8. c4 Be6 9. Re1 Nf6 10. c5 0-0 11. Nc3 Bg4 12. Be3 Qd7 13. Bb5 Qf5 14. Be2 Rfd8 15. h3 Bxf3 16. Bxf3 Bxc5 17. dxc5 d4 18. g4 Qg6 19. Qb1 dxe3 20. Qxg6 exf2+ 21. Kxf2 hxg6 22. Rad1 Nd7 23. Bxc6 bxc6 24. b4 a5 25. a3 axb4 26. axb4 Kf8 27. g5 f6 0-1

[Event "LSS BI-2009-P-00021"]
[Site "LSS email"]
[Date "2009.04.19"]
[Round "?"]
[White "Zanatta, Federico"]
[Black "Suwara, Kazimierz"]
[Result "0-1"]
[WhiteElo "1668"]
[BlackElo "1872"]
[PlyCount "86"]
[EventDate "2009.04.20"]
[EventType "tourn (corr)"]
[EventRounds "10"]
[EventCountry "GER"]
[SourceTitle "Telechess CBM 137"]
[Source "ChessBase"]
[SourceDate "2010.07.15"]
[SourceVersion "1"]
[SourceVersionDate "2010.07.15"]
[SourceQuality "1"]

1. e4 d6 2. d4 Nf6 3. Nc3 g6 4. f4 Bg7 5. Nf3 0-0 6. Bd3 Nc6 7. f5 Nb4 8. fxg6 Nxd3+ 9. Qxd3 hxg6 10. Bg5 c6 11. h4 Re8 12. 0-0-0 Ng4 13. Rdf1 f6 14. Bd2 Qb6 15. Qc4+ e6 16. Qe2 e5 17. dxe5 dxe5 18. h5 g5 19. Nxg5 fxg5 20. Bxg5 Qa6 21. Qd2 Be6 22. h6 Bf8 23. h7+ Kh8 24. Bf6+ Nxf6 25. Rxf6 Bg7 26. Rg6 Re7 27. Qg5 Rae8 28. b3 Qa3+ 29. Kb1 Rf7 30. Qh5 Qe7 31. Kb2 Ref8 32. Qe2 Rf2 33. Qe3 Rf1 34. Rh2 b5 35. a3 a5 36. Qg5 Qd7 37. g4 b4 38. Ne2 bxa3+ 39. Kxa3 Qd1 40. Nc1 R8f4 41. Na2 Qd6+ 42. Kb2 a4 43. Nc3 Ra1 0-1

[Event "LSS RF-2009-0-00029"]
[Site "LSS email"]
[Date "2009.03.27"]
[Round "?"]
[White "Lin, Yi Cheng"]
[Black "Zanatta, Federico"]
[Result "0-1"]
[WhiteElo "1032"]
[BlackElo "1120"]
[PlyCount "40"]
[EventDate "2009.02.03"]
[EventType "tourn (corr)"]
[EventRounds "6"]
[EventCountry "GER"]
[SourceTitle "Corr 2011"]
[Source "ChessBase"]
[SourceDate "2010.08.31"]
[SourceVersion "1"]
[SourceVersionDate "2010.08.31"]
[SourceQuality "1"]

1. d4 Nf6 2. c4 d5 3. Nc3 g6 4. cxd5 Nxd5 5. e4 Nxc3 6. bxc3 Bg7 7. Nf3 c5 8. Qa4+ Nc6 9. Bb5 Bd7 10. 0-0 cxd4 11. cxd4 a6 12. Bxc6 Bxc6 13. Qc2 0-0 14. Bb2 Rc8 15. Rfe1 Qb6 16. Rab1 Qa5 17. Ba1 Rfd8 18. Red1 Ba4 19. Qd3 Bxd1 20. Rxd1 Qxa2 0-1

[Event "LSS SF-2009-0-00022"]
[Site "LSS email"]
[Date "2009.03.20"]
[Round "?"]
[White "Jokmin, Alex"]
[Black "Zanatta, Federico"]
[Result "1-0"]
[WhiteElo "1000"]
[BlackElo "1120"]
[PlyCount "53"]
[EventDate "2009.01.11"]
[EventType "tourn (corr)"]
[EventRounds "6"]
[EventCountry "GER"]
[SourceTitle "Corr 2011"]
[Source "ChessBase"]
[SourceDate "2010.08.31"]
[SourceVersion "1"]
[SourceVersionDate "2010.08.31"]
[SourceQuality "1"]

1. d4 Nf6 2. c4 g6 3. Nc3 d5 4. cxd5 Nxd5 5. Nf3 Bg7 6. Bg5 Nxc3 7. bxc3 Qd5 8. Bf4 0-0 9. e3 c5 10. Bd3 cxd4 11. cxd4 Bg4 12. Be2 Rc8 13. 0-0 Nd7 14. Rb1 a6 15. h3 Bf5 16. Rb2 Rc3 17. Nh4 Be4 18. Bf3 Rac8 19. Bxe4 Qxe4 20. Qb1 Qd5 21. Rxb7 Nf6 22. Rxe7 g5 23. Re5 Qc4 24. Rxg5 Ne4 25. Qxe4 Rc1 26. Rxc1 Qxc1+ 27. Kh2 1-0

[Event "LSS BI-2008-F-00012"]
[Site "LSS email"]
[Date "2009.03.02"]
[Round "?"]
[White "Zanatta, Federico"]
[Black "Lipsits, Sasha"]
[Result "0-1"]
[WhiteElo "1614"]
[BlackElo "1567"]
[PlyCount "304"]
[EventDate "2009.03.03"]
[EventType "tourn (corr)"]
[EventRounds "10"]
[EventCountry "GER"]
[SourceTitle "Corr 2013"]
[Source "ChessBase"]
[SourceDate "2012.11.12"]
[SourceVersion "1"]
[SourceVersionDate "2012.11.12"]
[SourceQuality "1"]
[WhiteTeam "US of America"]
[BlackTeam "US of America"]
[WhiteTeamCountry "USA"]
[BlackTeamCountry "USA"]

1. e4 e6 2. d4 d5 3. Nc3 Nf6 4. e5 Nfd7 5. f4 c5 6. Nf3 Nc6 7. Be3 cxd4 8. Nxd4 Bc5 9. Qd2 0-0 10. 0-0-0 Nxd4 11. Bxd4 a6 12. Bxc5 Nxc5 13. Qd4 b6 14. Kb1 Bb7 15. Bd3 Rc8 16. Rhe1 b5 17. Re3 Nxd3 18. Qxd3 g6 19. Ne2 Rc4 20. g4 Qh4 21. h3 Re4 22. Rf3 b4 23. b3 Rc8 24. Qd2 a5 25. Ng3 d4 26. Nxe4 Bxe4 27. Qf2 Bxc2+ 28. Qxc2 Rxc2 29. Kxc2 g5 30. Kd3 gxf4 31. Ke4 h5 32. Rg1 Qd8 33. gxh5+ Kh7 34. Rgf1 Kh6 35. Kd3 Qd5 36. Rxf4 Qb5+ 37. Kxd4 f5 38. R1f2 Kg5 39. h4+ Kh6 40. Ke3 Qxe5+ 41. Kf3 Qc3+ 42. Kg2 Qe3 43. R2f3 Qe2+ 44. Rf2 Qd3 45. R2f3 Qd5 46. Kg3 Qd7 47. Kh3 Kxh5 48. Rg3 Kh6 49. Re3 Qd6 50. Ref3 Kh5 51. Rf1 Qc5 52. Kg2 Qc6+ 53. Kg3 Qc3+ 54. R1f3 Qg7+ 55. Kh3 Qb2 56. Rf2 Qc3+ 57. R2f3 Qa1 58. Rf2 Qh1+ 59. Kg3 Qd1 60. Rf1 Qd3+ 61. R1f3 Qe2 62. Rf2 Qe3+ 63. R2f3 Qg1+ 64. Kh3 Qe1 65. Rf2 Qe3+ 66. R2f3 Qd2 67. Rf2 Qd7 68. R2f3 Qd1 69. Kg2 Qd2+ 70. Rf2 Qd3 71. R2f3 Qd5 72. Kg3 Qc5 73. Rf2 Qf8 74. R2f3 Qf6 75. Kh3 Qe5 76. Kg2 Qb2+ 77. Rf2 Qg7+ 78. Kh3 Qe5 79. Kg2 Qe3 80. R2f3 Qb6 81. Rc4 Qd6 82. Rf2 Qd3 83. Rcf4 Qd5+ 84. Kh2 Qd8 85. Re2 Qf6 86. Ref2 Qf7 87. Kh3 Qa7 88. Re2 Qa6 89. Rd2 Qc6 90. Rg2 Qc3+ 91. Kh2 Qe3 92. Rg5+ Kh6 93. Rc4 Qd2+ 94. Rg2 Qd7 95. Rcc2 e5 96. Rcd2 Qc8 97. Rd6+ Kh7 98. Rdg6 e4 99. Rg7+ Kh8 100. R7g5 Qc7+ 101. Kh1 Qf7 102. Rf2 f4 103. Re5 Qd7 104. Rxe4 Qh3+ 105. Kg1 Qg4+ 106. Rg2 Qf5 107. Rc4 Kh7 108. Rc7+ Kh6 109. Rc4 Kh7 110. Rcc2 Qe4 111. Rce2 Qd4+ 112. Ref2 Qe3 113. Rh2 Kg6 114. Kf1 Qd3+ 115. Kg1 Kh5 116. Rd2 Qe3+ 117. Kf1 Qe4 118. Rh3 f3 119. Kf2 Kg4 120. Rh1 Qe5 121. Rhd1 Qg3+ 122. Kf1 Qh3+ 123. Kg1 Kf4 124. Rf2 Qg4+ 125. Kf1 Qf5 126. Kg1 Qg6+ 127. Kf1 Kg3 128. Kg1 Qb6 129. Rdf1 Qc5 130. h5 Kf4 131. h6 Qg5+ 132. Kh1 Qxh6+ 133. Kg1 Qg6+ 134. Kh1 Qh5+ 135. Rh2 Qf5 136. Rhf2 Qh3+ 137. Kg1 Qg3+ 138. Kh1 Ke3 139. Rxf3+ Qxf3+ 140. Rxf3+ Kxf3 141. Kg1 Ke2 142. Kg2 Kd2 143. Kf3 Kc1 144. Ke4 Kb2 145. Kd5 Kxa2 146. Kc4 Kb2 147. Kb5 Kxb3 148. Kxa5 Kc4 149. Ka4 b3 150. Ka3 Kc3 151. Ka4 b2 152. Ka3 b1Q 0-1

[Event "LSS BI-2008-F-00012"]
[Site "LSS email"]
[Date "2009.03.02"]
[Round "?"]
[White "Zanatta, Federico"]
[Black "Petersen, Hans"]
[Result "1-0"]
[WhiteElo "1120"]
[BlackElo "1855"]
[PlyCount "43"]
[EventDate "2009.03.03"]
[EventType "tourn (corr)"]
[EventRounds "10"]
[EventCountry "GER"]
[SourceTitle "Corr 2011"]
[Source "ChessBase"]
[SourceDate "2010.08.31"]
[SourceVersion "1"]
[SourceVersionDate "2010.08.31"]
[SourceQuality "1"]

1. d4 d5 2. c4 dxc4 3. e4 e5 4. Nf3 exd4 5. Bxc4 Bb4+ 6. Bd2 Bxd2+ 7. Nbxd2 Nc6 8. 0-0 Nf6 9. e5 Nd7 10. e6 fxe6 11. Bxe6 Nb6 12. Bb3 Bg4 13. Re1+ Kf8 14. Ne4 h6 15. Nc5 Qf6 16. Ne6+ Bxe6 17. Rxe6 Qf4 18. Nh4 Ne7 19. Rxe7 Qxh4 20. Rf7+ Ke8 21. Qe1+ Kd8 22. Qe5 1-0